Welcome to the Holygrace Academy Library

Please use search bar below to get started

THIRTY DAYS TO A MORE POWERFUL VOCABULARY (Record no. 8528)

MARC details
000 -LEADER
fixed length control field 00451nam a22001577a 4500
020 ## - INTERNATIONAL STANDARD BOOK NUMBER
ISBN 978-0-671-74349-9
082 ## - DEWEY DECIMAL CLASSIFICATION NUMBER
Classification number 425
Item number FUN/T
100 ## - MAIN ENTRY--AUTHOR NAME
Personal name FUNK,WILFRED;NORMAN LEWIS
245 ## - TITLE STATEMENT
Title THIRTY DAYS TO A MORE POWERFUL VOCABULARY
246 ## - VARYING FORM OF TITLE
Title proper/short title THIRTY DAYS TO A MORE POWERFUL VOCABULARY
Remainder of title THIRTY DAYS TO A MORE POWERFUL VOCABULARY
260 ## - PUBLICATION, DISTRIBUTION, ETC. (IMPRINT)
Place of publication NEW YORK
Name of publisher POCKET BOOKS
Year of publication 1971
300 ## - PHYSICAL DESCRIPTION
Number of Pages 244
500 ## - GENERAL NOTE
General note VOCABLARY
520 ## - SUMMARY, ETC.
Summary, etc VOCABLARY
942 ## - ADDED ENTRY ELEMENTS (KOHA)
Koha item type Books
Holdings
Withdrawn status Lost status Collection code Home library Current library Shelving location Date acquired Source of acquisition Full call number Accession Number Koha item type
    Reference Main Library Main Library SHELF-16C -ENGLISH GRAMMAR SYNONYMS7ANTONYMS,LETTERS, ETC 04/12/2013 PURCHASED 425 FUN/T 07481 Books